MDQL
is popping MORE tags! Check the
thread
!
Quizzes
Events
Quiz Creation
Community
Videos
Private Events
Remove Ads
Sign In
Join for FREE
Feedback
Dark Mode
Quiz Categories
Sports
Geography
Music
Movies
Television
Just For Fun
Miscellaneous
History
Literature
Language
Science
Gaming
Entertainment
Religion
Holiday
For Kids
Quiz Lab
Recent
Popular Today
Quiz Kudos Today
Editor Picks
Curator Picks
Quizzes by...
Day
Popularity
Type
Ratings
Length
Year
Community
Subscriptions
Recent Discussions
Orange Saloon
Badges
Playlists
Quests
Create
Leaderboards
Showdown
Live 5
Trivia Bingo
Activity
Puzzle Library
Sporcle Events
Private Events
Virtual Trivia
Globe League
Become a Host
Pub Owners
SporcleCon
Opinionation
Our Games
Videos
Blog
Mobile Apps
Partnerships
Remove Ads and Go Orange
Feedback
Sports
Athletes
MLB
NBA
NHL
NFL
Soccer
Sports Teams
WWE
NCAA
Football
Premier League
Basketball
Baseball
Hockey
Golf
Tennis
Cricket
Rugby
Auto Racing
Olympics
World Cup
Sports
Athletes
MLB
NBA
NHL
NFL
Soccer
Sports Teams
WWE
NCAA
Football
Premier League
Basketball
Baseball
Hockey
Golf
Tennis
Cricket
Rugby
Auto Racing
Olympics
World Cup
Random Quiz
Search Sporcle
×
Quiz Lab
Quiz Lab
Sports
future
Type in answers that appear in a list
Type in answers that appear in a list
Classic
Best Score? Go Orange.
Future NHL Hall of Famers Stats
Can you name the Future NHL Hall of Famers?
By
dougiefresh13
20m
82 Questions
161 Plays
161 Plays
161 Plays
Comments
Comments
Give Quiz Kudos
Give Quiz Kudos
-
- Ratings
hide this ad
Replay
Link that replays current quiz
Next Quiz
Link to next quiz in quiz playlist
You Got
0%
They Got
Avg Score
27%
Avg Friend Score
Upgrade to see
Score Distribution
Jump to the score distribution portion of the page
Score
0/82
Timer
20:00
0
Plays Today
Players
% Correct
Sidney Crosby
88.8%
Alexander Ovechkin
80.7%
Patrick Kane
57.8%
Jonathan Toews
55.9%
Jarome Iginla
55.3%
Martin Brodeur
54%
Joe Thornton
53.4%
Jaromir Jagr
52.8%
Daniel Sedin
52.2%
Henrik Sedin
52.2%
Nicklas Lidstrom
47.2%
Henrik Zetterberg
47.2%
Steven Stamkos
46.6%
Pavel Datsyuk
46%
Zdeno Chara
44.7%
Teemu Selanne
44.1%
Marian Hossa
43.5%
Patrick Marleau
42.9%
Roberto Luongo
42.9%
Daniel Alfredsson
39.8%
Tim Thomas
37.3%
Joe Sakic
36.6%
Mike Modano
35.4%
Dominik Hasek
34.8%
Paul Kariya
34.8%
Peter Forsberg
34.8%
Chris Pronger
34.8%
Vincent Lecavalier
34.2%
Players
% Correct
Patrick Elias
32.9%
Ilya Kovalchuk
32.9%
Ryan Miller
32.3%
Mark Recchi
31.7%
Keith Tkachuk
31.7%
Jeremy Roenick
31.1%
Scott Niedermayer
30.4%
Pavel Bure
29.8%
Marian Gaborik
29.2%
Eric Lindros
28.6%
Jonathan Quick
28.6%
Corey Perry
28.6%
Brendan Shanahan
26.1%
Shane Doan
26.1%
Sergei Fedorov
25.5%
Chris Chelios
23.6%
Rod Blake
23.6%
Saku Koivu
23.6%
Markus Naslund
23%
Alexei Kovalev
22.4%
Rod Brind'Amour
21.1%
Sergei Zubov
21.1%
Milan Hejduk
21.1%
Doug Weight
20.5%
Evgeni Nabokov
19.3%
Sergei Gonchar
18.6%
Alexei Yashin
18%
Alexander Mogilny
17.4%
Players
% Correct
Bill Guerin
16.1%
Nikolai Khabibulin
16.1%
Thomas Vokoun
16.1%
Adam Foote
16.1%
Marty Turco
15.5%
Owen Nolan
14.9%
Martin St. Louis
13.7%
Kimmo Timonen
13%
Brian Rafalski
13%
Jason Arnott
12.4%
Jose Theodore
12.4%
Tony Amonte
11.8%
Olaf Kolzig
11.2%
Tomas Kaberle
11.2%
Ed Jovanovski
9.3%
Mathieu Schneider
8.1%
Brian Rolston
6.8%
Bobby Holik
5%
Dwayne Roloson
4.3%
Miikka Kipprusof
3.7%
Martin Biron
3.7%
Jocelyn Thibault
2.5%
Manny Legace
2.5%
Daryle Sydor
1.9%
Henrick Lunqvist
1.2%
Teppo Nummenin
0%
Quiz Playlist
Details
Report
Send in Message
Add To Playlist
Classic:
Type in answers that appear in a list
Last Updated: Feb 16, 2017
Quiz Scoreboard
CHALLENGE
Sign Up to Join the Scoreboard
Show All
Scores
Hide
Comments
May contain spoilers
Recently Published
1-10 Letter E Words III
by El_Dandy
Language
2m
Street Fighter Characters
by Artimus82
Gaming
60s
College Basketball Coaching Resumes
by pancakes188
Sports
9m
More to Explore
Quiz From the Vault
Featured Blog Post
Where Did the Easter Bunny Come From?
hide this ad
You Might Also Like...
Tags
Famer
future
hall
HLER
Today's Top Quizzes in Sports
Browse Sports
hide this ad
Today's Top Quizzes in future
Browse future
Top Contributed Quizzes in Sports
1
2022 World Cup Stars
2
Les meilleurs buteurs des matchs entre le PSG et l’OM
3
FIFA Club World Cup Champions
4
Les entraîneurs de l'OM et du PSG au 21e siècle
5
Criteria MLB: Left Handed Sluggers
6
2023 MLB Unique Player Accomplishments
7
AFC Teams Reveal (Wrong Answers Minefield)
8
Players with Multiple 50 Home Run Seasons
9
5-to-1: FBS Animal Nicknames
10
5-to-1: UK Sports Teams
Explore More
Trending Topics
Marvel
Crossword
NBA
Kpop
Disney
Harry Potter
Anime
NFL
The Office
Pokémon
WWE
Puzzle
Soccer
Country
Song
hide this ad
More By:
dougiefresh13
Quiz
Plays
Rating
Category
Featured
Created
Future NHL Hall of Famers
161
1.00
Sports
Dec 2, 2011
Go to Creator's Profile
Score Distribution
Quiz Creator Spotlight
dougiefresh13
Follow
Send a Message
Quizzes Created
-
Created Quiz Play Count
-
More By This Creator
Popular Quizzes Today
1
Find the US States - No Outlines Minefield
2
Find the Countries of Europe - No Outlines Minefield
3
The Countries of the World
4
Find the US States
5
Risky Map Clicking: Biggest States A-Z
6
US States
7
Popular People in 1961
8
Movies - When Are They Set?
More Sports Quizzes
1967 European Champions - Celtic
Curator's Pick
Trending Quizzes
Risky Map Clicking: Least Populous States A-Z
Billboard Blitz: Aretha Franklin
Famous Russians: Author or Composer?
Countries of the World: 200 Million BC
1-10 Letter G Words
Recently Updated
Leaping Animals
pecheneg
Reality TV Shows (A-Z)
bhenderson79
Rickey Henderson's Hall of Fame Teammates
pecheneg
Champions League XIs: Arsenal
pecheneg
Quick Pick: Celebrities in WWE's Hall of Fame
aduchscher
A-Z Keypad Blitz II
pecheneg
Multiple Oscar Actors
pecheneg
Mystery Phrase Blitz: Oscar 'Best Actors'
pecheneg
F. Scott Fitzgerald Novels
LTH
Pick 3 Villains
ddd62291
Trending Topics
Anime
NBA
Crossword
Marvel
Harry Potter
Kpop
Disney
Country
The Office
NFL
Soccer
Puzzle
WWE
Song
Pokémon
Your Account Isn't Verified!
In order to create a playlist on Sporcle, you need to verify the email address you used during registration. Go to your
Sporcle Settings
to finish the process.
Report this User
Report this user for behavior that violates our
Community Guidelines
.
Details:
Send Report
Go to the Sporcle.com Mobile Site →
Comments